| Tag |
First Indicator |
Second Indicator |
Subfields |
| LEADER |
00000cam a2200000Ia 4500 |
| 001 |
in00001991237 |
| 005 |
20151031110934.0 |
| 008 |
880630s1987 xx a 000 0 eng d |
| 035 |
|
|
|a (OCoLC)ocm18155683
|
| 040 |
|
|
|a SOM
|c SOM
|d OCL
|d UtOrBLW
|
| 041 |
1 |
|
|a eng
|h und
|
| 043 |
|
|
|a n-mx---
|
| 049 |
|
|
|a TXAM
|
| 090 |
|
|
|a F1219
|b .S653 1978
|
| 092 |
|
|
|a 970.3
|b SOI
|
| 100 |
1 |
|
|a Soisson, Pierre.
|
| 245 |
1 |
0 |
|a Life of the Aztecs in ancient Mexico /
|c text by Pierre et Janine Soisson ; translated by David Macrae.
|
| 264 |
|
1 |
|a [Place of publication not identified] :
|b Editions Minerva-Liber,
|c [1987]
|
| 264 |
|
4 |
|c ©1987
|
| 300 |
|
|
|a 142 pages :
|b illustrations (some color) ;
|c 28 cm.
|
| 336 |
|
|
|a text
|b txt
|2 rdacontent
|
| 337 |
|
|
|a unmediated
|b n
|2 rdamedia
|
| 338 |
|
|
|a volume
|b nc
|2 rdacarrier
|
| 651 |
|
0 |
|a Mexico
|x Antiquities.
|
| 650 |
|
0 |
|a Aztecs.
|
| 948 |
|
|
|a cataloged
|b h
|c 2004/9/6
|d c
|e cmulkey
|f 7:20:30 am
|
| 994 |
|
|
|a C0
|b TXA
|
| 999 |
|
|
|a MARS
|
| 999 |
f |
f |
|s 9cc1773d-b718-34c6-9838-b9cc0de15d5b
|i bf22990c-25c2-32b6-bdad-0d189bf4d233
|t 0
|
| 952 |
f |
f |
|p ric
|a Texas A&M University
|b Rellis Campus
|c Joint Library Facility
|d Remote Storage
|t 0
|e F1219 .S653 1978
|h Library of Congress classification
|i unmediated -- volume
|m A14832250183
|
| 998 |
f |
f |
|a F1219 .S653 1978
|t 0
|l Remote Storage
|